000 00919nam0a22002771 4500
001 rc\3712483
005 20130115153004.3
021 _aRU
_b[69-87624]
035 _a(NLR Aleph) 007858525
090 _a7795282
_c7795282
100 _a20130115d1969 |||y0rusy50 ca
101 0 _arus
102 _aRU
105 _aa z |||||
200 1 _aДинамика пространственного движения управляемых ракет
210 _aМосква
_cМашиностроение
_d1969
215 _a270 с.
_cчерт.
_d22
320 _aПредм. указатель: с. 267
320 _aБиблиогр.: с. 265-266 (41 назв.)
606 _aРакеты
_xДинамика
_2psbo
700 1 _aСвятодух
_bВ. К.
_gВиктор Константинович
801 0 _aRU
_bNLR
_gpsbo
801 1 _aRU
_bELAR
_2rusmarc
852 _aNLR
_j69-5/4992
942 _cBOOK
980 _aNB